000 00926nas a2200277 4500
001 BR4200105
003 BR-BrBNA
005 20231205081820.0
007 ta
008 230509b bl.|||p| |||| 00| 00por d
040 _aBR-BrBNA
_bpor
_cBiblioteca Nacional de Agricultura
041 _a(Pt)
072 _aE15; E70
100 1 _aFarrula, R.
245 1 _aCooperativismo a unica formula que resolve os mais intrigados problemas economicos [Cooperativa de produtores; Comercio interno; Entreposto; Rio de Janeiro; Brasil]
650 _aMicroeconomia
650 _aComercializacao
650 _aCooperativa de produtores
650 _aComercio interno
650 _aEntreposto
650 _aPreco
650 _aRio de Janeiro
773 0 _tBoletim de Cooperativismo do Estado do Rio de Janeiro (Brazil)
_x
_g(Apr 1942), v. 1(4) p. 6-9
_wBR4200105
909 _a202311
_bLúcia
_c55
_dLúcia Elande
942 _2AGRIS
_n0
_cANA
999 _c87059
_d87059